History Quiz

Random History or World Quiz

10 Largest Empires Ever Quiz Stats

 Plays Quiz not verified by Sporcle

Challenge
Share
Tweet
Embed
Score 0/10 Timer 01:30
0 Plays Today
% of World's Land Area (At Height) Empire % Correct
23.84%British Empire
97.6%
16.11%Mongol Empire
88%
7.72%Second French Colonial Empire
86.7%
15.31%Russian Empire
85.5%
9.2%Spanish Empire
79.5%
6.98%Portuguese Empire
60.2%
7.45%Umayyad Caliphate
31.3%
9.87%Qing Dynasty
30.1%
7.45%Abbasid Caliphate
25.3%
7.39%Yuan Dynasty
20.5%

You're not logged in!

Compare scores with friends on all Sporcle quizzes.
Join for Free
OR
Log In

You Might Also Like...

Show Comments

Extras

Top Quizzes Today


Score Distribution

Your Account Isn't Verified!

In order to create a playlist on Sporcle, you need to verify the email address you used during registration. Go to your Sporcle Settings to finish the process.

Report this User

Report this user for behavior that violates our Community Guidelines.

Details: